Los empresarios y la integración de América Latina (Registro nro. 6654)
[ vista simple ]
| 000 -LEADER | |
|---|---|
| fixed length control field | 01970 a2200325 4500 |
| 001 - CONTROL NUMBER | |
| control field | 59348 |
| 005 - DATE AND TIME OF LATEST TRANSACTION | |
| control field | 20260407155847.0 |
| 008 - FIXED-LENGTH DATA ELEMENTS--GENERAL INFORMATION | |
| fixed length control field | 260407a1967 arg spa d |
| 003 - CONTROL NUMBER IDENTIFIER | |
| control field | AR-UNSa-BCEJYS |
| 040 ## - CATALOGING SOURCE | |
| Original cataloging agency | AR-UNSa-BCEJYS |
| Language of cataloging | spa |
| Transcribing agency | AR-UNSa-BCEJYS |
| 080 ## - UNIVERSAL DECIMAL CLASSIFICATION NUMBER | |
| Universal Decimal Classification number | 330.34(7/8) |
| Common auxiliary subdivision | Desarrollo Económico de América Latina |
| 100 1# - MAIN ENTRY--PERSONAL NAME | |
| Personal name | Lagos, G. |
| 245 10 - TITLE STATEMENT | |
| Title | Los empresarios y la integración de América Latina |
| 264 #1 - PRODUCTION, PUBLICATION, DISTRIBUTION, MANUFACTURE, AND COPYRIGHT NOTICE | |
| Place of production, publication, distribution, manufacture | Buenos Aires : |
| Name of producer, publisher, distributor, manufacturer | BID/INTAL (Banco Interamericano de Desarrollo. Instituto para la integración de América Latina) |
| Date of production, publication, distribution, manufacture, or copyright notice | 1967 |
| 300 ## - PHYSICAL DESCRIPTION | |
| Extent | 163 p. |
| Dimensions | 23 cm. |
| 505 ## - FORMATTED CONTENTS NOTE | |
| Formatted contents note | 1. Papel del empresario en el proceso de integración / Gustavo Lagos – 2. Empresario, integración y desarrollo / Aldo Ferrer – 3. Experiencias y perspectivas de las reuniones sectoriales y de los acuerdos de complementación (ALALC) / Elvio Baldinelli – 4. El empresario y la industrializaciones en el proceso de integración centroamericana / Manuel Noriega Morales – 5. El aporte extranjero a la integración latinoamericana / José Zabala – 6. El papel que juega el capital extranjero en América Latina / Andrés Van Dam – 7. Las escuelas de administración de empresas en la integración latinoamericana / Antonio Angarita Silva, Ary Bouzán y Carlos Omar Bertero – 8. Algunas observaciones acerca de la industrialización y la integración en América Latina / Marcos D. Pollner – 9. Algunas notas sobre la experiencia industrial brasileña / Justo Pinheiro da Fonseca - 10. La integración como instrumento de desarrollo / José María Aragao - |
| 590 ## - LOCAL NOTE (RLIN) | |
| Local note | niveau_biblio:m niveau_hierar:0 |
| 700 1# - ADDED ENTRY--PERSONAL NAME | |
| Personal name | Ferrer, Aldo |
| 700 1# - ADDED ENTRY--PERSONAL NAME | |
| Personal name | Baldinelli, E. |
| 700 1# - ADDED ENTRY--PERSONAL NAME | |
| Personal name | Noriega Morales, M. |
| 700 1# - ADDED ENTRY--PERSONAL NAME | |
| Personal name | Zabala, J. |
| 700 1# - ADDED ENTRY--PERSONAL NAME | |
| Personal name | Van Dam, A. |
| 700 1# - ADDED ENTRY--PERSONAL NAME | |
| Personal name | Angarita Silva, A. |
| 700 1# - ADDED ENTRY--PERSONAL NAME | |
| Personal name | Bouzan, A. |
| 700 1# - ADDED ENTRY--PERSONAL NAME | |
| Personal name | Bertero, C.O. |
| 700 1# - ADDED ENTRY--PERSONAL NAME | |
| Personal name | Pollner, M.D. |
| 700 1# - ADDED ENTRY--PERSONAL NAME | |
| Personal name | Pinheiro da Fonseca, J. |
| 700 1# - ADDED ENTRY--PERSONAL NAME | |
| Personal name | Aragão, José María |
| 942 ## - ADDED ENTRY ELEMENTS (KOHA) | |
| Koha item type | |
| Withdrawn status | Lost status | Damaged status | Not for loan | Home library | Current library | Shelving location | Date acquired | Total checkouts | Full call number | Barcode | Date last seen | Price effective from | Koha item type |
|---|---|---|---|---|---|---|---|---|---|---|---|---|---|
| Biblioteca Prof. Eusebio Cleto del Rey | Biblioteca Prof. Eusebio Cleto del Rey | 07/04/2026 | 330.34(7/8) L177 | L13820 | 07/04/2026 | 07/04/2026 | Libro |